Živočíšna výroba a predaj výrobkov z prvovýroby - 2/2003

Na minha lista:
Detalhes bibliográficos
Formato: Livro
Idioma:eslovaco
Publicado em: Bratislava Štatistický úrad Slovenskej republiky 2003
Colecção:Pôdohospodárstvo a životné prostredie
Assuntos:
Tags: Adicionar Tag
Sem tags, seja o primeiro a adicionar uma tag!

MARC

LEADER 00000nam$a2200000$$$4500
001 0012214
005 20240104094632.1
041 0 |a slo 
044 |a SK 
245 1 0 |a Živočíšna výroba a predaj výrobkov z prvovýroby - 2/2003 
264 1 |a Bratislava  |b Štatistický úrad Slovenskej republiky  |c 2003 
300 |a 19 s. 
490 1 |a Pôdohospodárstvo a životné prostredie 
830 0 |a Pôdohospodárstvo a životné prostredie 
610 2 0 |a výroba živočíšna 
610 2 0 |a zvieratá 
610 2 0 |a výrobky živočíšne 
610 2 0 |a štatistika 
610 2 0 |a údaje štatistické 
610 2 0 |a Slovensko 
610 2 0 |a 2003 
610 2 0 |a február